| 000 | 02284cam a22003495i 4500 | ||
|---|---|---|---|
| 999 |
_c5282 _d5282 |
||
| 003 | EG-ScBUE | ||
| 005 | 20201012131419.0 | ||
| 008 | 200219s2003 mau f b 001 0 eng d | ||
| 020 | _a063123277X (pbk : alk. paper) | ||
| 020 | _a9780631232773 (pbk : alk. paper) | ||
| 040 |
_aEG-ScBUE _beng _erda _cEG-ScBUE _dEG-ScBUE |
||
| 082 | 0 | 4 |
_a658.3124 _bSHA _222 |
| 100 |
_aShani, Abraham B., _eauthor. _925751 |
||
| 245 | 1 | 0 |
_aLearning by design : _bbuilding sustainable organizations / _cA. B. (Rami) Shani and Peter Docherty. |
| 250 | _aFirst edition. | ||
| 264 | 1 |
_aMalden, MA : _bBlackwell Pub., _c2003. |
|
| 300 |
_axix, 216 pages : _billustrations ; _c26 cm. |
||
| 336 |
_atext _btxt _2rdacontent |
||
| 337 |
_aunmediated _bn _2rdamedia |
||
| 338 |
_avolume _bnc _2rdacarrier |
||
| 490 | 0 | _aManagement, organizations, and business series | |
| 504 | _aIncludes bibliographical references and index. | ||
| 505 | 0 | _aThe critical need for learning by design -- Competitive strategy, sustainability and learning -- Individual competence development, learning and performance -- Designing business-focused teams -- Transformation and learning -- Development processes, learning and competitiveness -- Knowledge management processes and learning -- Learning in networked organization -- Designing sustainable learning organization -- Learning by design: change and future. | |
| 520 | _a"Learning is an essential process for attaining and maintaining sustainability at both the individual and business level. Establishing a learning organization requires a whole-hearted and sustained endeavor. This book facilitates such an endeavor by providing both a coherent framework for analysis and practical models for action. It focuses on the choices organizations make about the design and implementation of specific learning mechanisms." "Students of management and organizational studies, academics in these fields, and executives will find this a valuable resource for learning, reflection, and practice."--Jacket. | ||
| 650 | 0 |
_aOrganizational learning. _2BUEsh |
|
| 650 | 7 |
_aOrganizational effectiveness. _2BUEsh |
|
| 650 | 7 |
_aOrganizational change. _2BUEsh |
|
| 651 | _2BUEsh | ||
| 653 |
_bBUSADM _cOctober2020 |
||
| 700 | 1 |
_aDocherty, Peter, _eauthor. |
|
| 942 |
_cBB _2ddc |
||